00597nam a2200205Ia 4500008004100000020001800041050001600059100001800075245001600093245002100109250003800130260002300168260002000191260000900211300001600220300002000236300001000256999001900266952010600285170918s9999 xx 000 0 und d a9780152057800 bB655ta 1997 aBloor, Edward aTangerine / cby Edward Bloor. aFirst Harcourt paperback edition. aOrlando, Florida : bHarcourt Books, c1997 a312 pages : billustrations ; c19cm. c343897d343897 001040aSSISMbSSISMd2017-09-18l0oFIC B655ta 1997pSSISM2969r2017-09-18 00:00:00w2017-09-18yBK